| 000 | 00515cam a2200205ua 4500 | ||
|---|---|---|---|
| 001 | 7444 | ||
| 008 | 141210n ii |||gr||||Z||||||ben | ||
| 020 | _a8179620840 | ||
| 040 | _cMAIN | ||
| 041 | _aben | ||
| 082 | _a891.444 | ||
| 100 |
_aGhosh, B.B., _eEditor. |
||
| 245 | 1 |
_aAatmakothay Chatrajibon _cEdited by Barid Baran Ghosh |
|
| 250 | _a1st. | ||
| 260 |
_aCalcutta: _bPothipatra, _c2003. |
||
| 300 | _a181p. | ||
| 653 | _aEast Indo-European & Celtic literatures | ||
| 653 | _aBengali essays | ||
| 942 | _cBK | ||
| 999 |
_c6567 _d6567 |
||